Statystyki dla Państwa z dzikimi pingwinami

Kliknij tutaj aby rozwiązać quiz!

Ogólne statystyki

  • Ten quiz został rozwiązany 14 796 razy
  • Średni wynik to 8 z 13

Statystyki odpowiedzi

GatunkiKraj% Poprawnych
11Australia
89%
7Argentyna
88%
10Chile
87%
7Nowa Zelandia
84%
4Południowa Afryka
84%
4Brazylia
68%
3Urugwaj
57%
2Peru
54%
2Ekwador
42%
2Namibia
38%
1Mozambik
37%
5Wielka Brytania (Falklandy)
37%
1Angola
35%

Rozkład punktacji

Percentyl według liczby udzielonych odpowiedzi

Procent ludzi z każdym wynikiem

Twoja historia wyników

Nie rozwiązałeś tego quizu